VIII. zjazd Slovenskej historickej spoločnosti

Bibliographic Details
Main Author: Kartous, Peter, 1943- (Author)
Format: Article
Language:Slovak
Subjects:

MARC

LEADER 00000nab a2200000 a 4500
001 vtls000136458
003 SK-MaSNL
005 20260304060256.0
008 250422c1982 xo 0 slo
015 |a SNBRB19rr/mm-uuuuu 
035 |a CL0146564 
035 |a urn:nbn:sk:snk-ab7gfv 
035 |a (urnnbn)urn:nbn:sk:snk:ar-005qun 
035 |a (uuid)c2a08e1b-a5a3-482d-8daf-281ed62d6e51 
040 |a SNKBUCL  |b slo  |c SNKBUCL  |e AACR2 
041 0 |a slo 
044 |a xo  |c SK 
080 |a 930  |2 1981 
080 |a 061.2  |2 1981 
080 |a 061.3  |2 1981 
100 1 |a Kartous, Peter,  |d 1943-  |4 aut  |9 100853 
245 1 0 |a VIII. zjazd Slovenskej historickej spoločnosti  |c Peter Kartous 
246 3 |a Ôsmy zjazd Slovenskej historickej spoločnosti 
610 2 7 |a Slovenská historická spoločnosť.  |b Zjazd  |n (8. :  |d 1981)  |2 snkbucl  |9 151270 
648 7 |a 1981  |2 snkbucl  |9 279160 
655 7 |a články z novín a časopisov  |2 snkbucl  |9 267496 
773 0 |t Slovenská archivistika  |g Roč. 17, č. 1 (1982), s. 198-200 
850 |a Slovenská národná knižnica 
852 |a Slovenská národná knižnica 
954 |a odborná, vedecká literatúra pôvodná (slovenská)  |2 lita 
958 |a article7 
958 |a OND 
958 |a RK 
958 |a EUIPO 
992 |a RBX 
999 |c 2728014  |d 2729944